Coupe du Monde 1950 - Un Joueur par équipe - Statistiques

Statistiques générales
  • Ce quiz a été pris 44 fois
  • Le résultat moyen est 6 sur 13
Statistiques - réponses
Hint Réponse % Correct
Kosta Tomašević Yougoslavie
89%
Alf Ramsey Angleterre
86%
Sune Andersson Suède
66%
Ademir Brésil
63%
Jacques Fatton Suisse
63%
Héctor Ortiz Mexique
54%
Joe Gaetjens Etats-Unis
49%
Riccardo Carapellese Italie
34%
José Bustamante Bolivie
26%
Alcides Ghiggia Uruguay
26%
Estanislao Basora Espagne
23%
César López Fretes Paraguay
23%
Atilio Cremaschi Chili
17%
Aucun quiz correspondant
Distribution des résultats
% des personnes avec chaque résultat
Percentile par nombre de réponses
Votre historique - résultats
Vous n’avez pas pris ce quiz